| 000 | 00790cam a22002533a 4500 | ||
|---|---|---|---|
| 001 | 28037 | ||
| 003 | PGUSA | ||
| 005 | 20140828083615.0 | ||
| 008 | 090209s2009||||xxu|||||s|||||000 1 eng d | ||
| 040 |
_aPGUSA _beng |
||
| 042 | _adc | ||
| 050 | 4 | _aPZ | |
| 100 | 1 |
_aMadison, Lucy Foster, _d1865-1932 |
|
| 245 | 1 | 0 |
_aIn Doublet and Hose : _bA Story for Girls _h[electronic resource] / _cLucy Foster Madison |
| 260 |
_bProject Gutenberg, _c2009 |
||
| 506 | _aPublic domain in the USA. | ||
| 516 | _aElectronic text | ||
| 653 | _aHistorical fiction | ||
| 653 | _aGreat Britain -- History -- Elizabeth, 1558-1603 -- Juvenile fiction | ||
| 700 | 1 |
_aDe Land, Clyde Osmer, _d1872-1947 |
|
| 830 | 0 |
_aProject Gutenberg _v28037 |
|
| 856 | 4 | 0 | _uhttp://www.gutenberg.org/ebooks/28037 |
| 942 | _cEB | ||
| 999 |
_c257292 _d257292 |
||